000 00850nam a22002777a 4500
003 0
005 20180806125604.0
008 0
010 _aB-159205
020 _c380.00
_a8176296023
035 _aB-159205, B-159206, B-159210
037 _bCen Lib/Ret
040 _aDPL
_bEN
_c0
082 _a324.954
245 _aSonia versus vajpayee :
_cedited by Rashmi Sharma
_b14th lok sabha elections-2004 /
260 _aNew Delhi
_bDeep deep publications
_c2004
270 _bNew Delhi
_aF-159, rajouri garden
_e110018
300 _a256p.
_c21cm(Hb)
500 _aIncludes index
650 _aPolitical science
_95476
650 _aElection
_95477
650 _a राजनीति विज्ञान
_9442
650 _a चुनाव
_9102
700 _aSharma, Rashmi
_95478
942 _2ddc
_cEN
_h324.954
_mSON
999 _c123338
_d123338